Fast typing numbers 3# - Statistics

General Stats
  • This quiz has been taken 31 times
  • The average score is 13 of 15
Answer Stats
Hint Answer % Correct
# 33
100%
# 31
91%
# 32
91%
# 34
91%
# 35
91%
# 36
91%
# 37
87%
# 38
87%
# 39
87%
# 43
87%
# 40
83%
# 41
83%
# 42
83%
# 44
74%
# 45
74%
No matching quizzes found
Score Distribution
Percent of People with Each Score
Percentile by Number Answered
Your Score History
You have not taken this quiz